长江沿岸市县地图 Cities and counties by Yang-tze river map - Statistics

General Stats
  • This quiz has been taken 304 times
  • The average score is 29 of 50
Answers on the Map
Answers color-coded by a green-red scale on the quiz's map according to % correct below.
 
Answer Stats
省份 城市 % Correct
上海 上海市
95%
江苏 南京市
93%
江苏 南通市
91%
湖北 武汉市
90%
江苏 镇江市
88%
重庆 重庆市
87%
江西 九江市
86%
安徽 马鞍山市
86%
安徽 芜湖市
85%
四川 宜宾市
84%
湖北 宜昌市
83%
安徽 安庆市
83%
江苏 泰州市
80%
湖北 黄冈市
78%
湖北 黄石市
78%
湖北 荆州市
77%
湖北 鄂州市
77%
安徽 铜陵市
77%
四川 泸州市
76%
湖南 岳阳市
76%
安徽 池州市
76%
江苏 江阴市
75%
四川 攀枝花市
69%
江苏 扬中市
64%
江苏 靖江市
57%
江苏 仪征市
52%
重庆 巫山县
50%
重庆 奉节县
45%
湖北 监利市
43%
湖北 秭归县
41%
湖北 巴东县
40%
安徽 当涂县
39%
湖北 公安县
38%
湖北 枝江市
37%
重庆 丰都县
36%
重庆 忠县
36%
湖北 洪湖市
36%
重庆 云阳县
35%
湖北 宜都市
35%
湖北 石首市
35%
湖北 武穴市
35%
云南 水富市
30%
湖北 嘉鱼县
30%
安徽 枞阳县
30%
湖北 江陵县
29%
江西 彭泽县
29%
四川 合江县
26%
四川 江安县
24%
湖北 团风县
23%
云南 绥江县
21%
No matching quizzes found
Score Distribution
Percent of People with Each Score
Percentile by Number Answered
Your Score History
You have not taken this quiz